[Event "19th Hogeschool Zeeland Tournament"]
[Site "Vlissingen"]
[Date "2015.08.04"]
[Round "5"]
[Board "35"]
[White "Ratsma, Midas"]
[Black "Reichardt, Jasper"]
[Result "1-0"]
[WhiteElo "2150"]
[BlackElo "1951"]
[PlyCount "67"]
[EventDate "2015.08.01"]
[EventRounds "9"]
[EventCountry "NED"]

1. d4 Nf6 2. Bg5 Ne4 3. Bf4 c5 4. f3 Nf6 5. dxc5 e5 6. Bxe5 Bxc5 7. Bd4 Qb6 8.
Bxc5 Qxc5 9. Nc3 Nc6 10. Qd2 d5 11. e3 O-O 12. O-O-O Re8 13. Nge2 Rxe3 14. Nxd5
Nxd5 15. Qxd5 Qb6 16. Nf4 Re5 17. Qb3 Qxb3 18. axb3 Bf5 19. g4 g5 20. Nd3 Bxd3
21. Bxd3 Nb4 22. Be4 Rc8 23. Rd4 a5 24. Rhd1 Rec5 25. Kb1 Nc6 26. Rd7 b6 27.
R1d5 Ne5 28. Re7 f6 29. Rd6 Nc6 30. Ree6 Nd8 31. Re8+ Kg7 32. Rexd8 R8c6 33.
R6d7+ Kh6 34. Rxh7# 1-0

[Event "19th Hogeschool Zeeland Tournament"]
[Site "Vlissingen"]
[Date "2015.08.04"]
[Round "5"]
[Board "36"]
[White "Greevenbosch, Henk"]
[Black "Rosmuller, Anton"]
[Result "0-1"]
[WhiteElo "1979"]
[BlackElo "2142"]
[PlyCount "66"]
[EventDate "2015.08.01"]
[EventRounds "9"]
[EventCountry "NED"]

1. c4 e5 2. Nc3 d6 3. g3 Nf6 4. Bg2 g6 5. e3 Bg7 6. d4 Nbd7 7. f4 O-O 8. Nge2
Re8 9. O-O c6 10. b3 Qc7 11. Ba3 exf4 12. exf4 Ng4 13. Qd2 Ne3 14. Rf3 Nxg2 15.
Kxg2 Nf6 16. h3 Bf5 17. Kh2 h5 18. Re1 Qd7 19. Ng1 Rxe1 20. Qxe1 Re8 21. Re3
Rxe3 22. Qxe3 Bxh3 23. Kh1 Bf5 24. Nf3 Ng4 25. Qe1 a6 26. c5 d5 27. Bb2 Be4 28.
Nxe4 dxe4 29. Ne5 Bxe5 30. fxe5 Qf5 31. Qe2 e3 32. Kg2 Qe4+ 33. Kg1 Nf2 0-1

[Event "19th Hogeschool Zeeland Tournament"]
[Site "Vlissingen"]
[Date "2015.08.04"]
[Round "5"]
[Board "37"]
[White "Bloem, Mark"]
[Black "Lacrosse, Marc"]
[Result "1/2-1/2"]
[WhiteElo "1959"]
[BlackElo "2139"]
[PlyCount "109"]
[EventDate "2015.08.01"]
[EventRounds "9"]
[EventCountry "NED"]

1. e4 e5 2. Nf3 Nc6 3. Bb5 a6 4. Ba4 Nf6 5. O-O Nxe4 6. d4 b5 7. Bb3 d5 8. dxe5
Be6 9. c3 Bc5 10. Nbd2 O-O 11. Bc2 Nxf2 12. Rxf2 f6 13. exf6 Bxf2+ 14. Kxf2
Qxf6 15. Kg1 Rae8 16. Nf1 Ne5 17. Be3 Nxf3+ 18. Qxf3 Qxf3 19. gxf3 Rxf3 20. Bd1
Rf7 21. Bb3 c6 22. Bc5 Bh3 23. Ng3 g6 24. Bc2 Re6 25. Bd3 h5 26. Ne2 Rf3 27.
Nd4 Rxd3 28. Nxe6 Bxe6 29. a4 Rd2 30. axb5 axb5 31. Ra6 Rxb2 32. Rxc6 Bf5 33.
h4 Be4 34. Bd4 Rg2+ 35. Kf1 Rg4 36. Bf6 d4 37. Rc8+ Kf7 38. Bxd4 Rxh4 39. Ke2
Rh3 40. Be3 Rh2+ 41. Bf2 Bd5 42. Rc5 Ke6 43. Ke3 Bc4 44. Bg3 Rh3 45. Kf4 h4 46.
Bf2 Rh2 47. Bd4 Rg2 48. Rg5 Rxg5 49. Kxg5 h3 50. Bg1 Ke5 51. Kg4 Be6+ 52. Kg3
Ke4 53. Bc5 Kd3 54. Bb4 Ke2 55. Bc5 1/2-1/2

[Event "19th Hogeschool Zeeland Tournament"]
[Site "Vlissingen"]
[Date "2015.08.04"]
[Round "5"]
[Board "38"]
[White "Zepeda, Lorena"]
[Black "Van De Poel, Taco"]
[Result "1-0"]
[WhiteElo "2121"]
[BlackElo "1935"]
[PlyCount "63"]
[EventDate "2015.08.01"]
[EventRounds "9"]
[EventCountry "NED"]

1. e4 e5 2. Bc4 Nf6 3. Qe2 Bc5 4. Nf3 O-O 5. d3 Nc6 6. c3 a6 7. Bb3 d5 8. Nbd2
Re8 9. h3 h6 10. g4 dxe4 11. dxe4 Be6 12. Nf1 Bxb3 13. axb3 Qd6 14. Ng3 Rad8
15. g5 hxg5 16. Bxg5 Ne7 17. b4 Bb6 18. Nh4 g6 19. Rg1 Nh7 20. Ngf5 Nxf5 21.
Nxf5 Qe6 22. Bxd8 Rxd8 23. Rd1 Qf6 24. Rxd8+ Qxd8 25. Qc4 Kf8 26. Nh6 Qd7 27.
Rxg6 fxg6 28. Qg8+ Ke7 29. Qxh7+ Kd8 30. Qh8+ Qe8 31. Nf7+ Ke7 32. Qxe8+ 1-0

[Event "19th Hogeschool Zeeland Tournament"]
[Site "Vlissingen"]
[Date "2015.08.04"]
[Round "5"]
[Board "39"]
[White "Dardha, Daniel"]
[Black "Sparenberg, Erik"]
[Result "1-0"]
[WhiteElo "1941"]
[BlackElo "2117"]
[PlyCount "55"]
[EventDate "2015.08.01"]
[EventRounds "9"]
[EventCountry "NED"]

1. c4 Nf6 2. Nc3 g6 3. d4 Bg7 4. e4 O-O 5. f4 d6 6. Nf3 c5 7. dxc5 dxc5 8. Bd3
Nc6 9. e5 Ne8 10. O-O b6 11. Be4 Bb7 12. Qa4 Qc8 13. Ng5 e6 14. Qc2 Nd4 15. Qd3
Nc7 16. h4 Na6 17. h5 h6 18. hxg6 hxg5 19. Qh3 fxg6 20. Bxg6 Rf5 21. Qh7+ Kf8
22. Bxf5 exf5 23. fxg5 Qc6 24. Rf2 Nb4 25. g6 Nd3 26. Bh6 Qc7 27. Qh8+ Ke7 28.
Qxg7+ 1-0

[Event "19th Hogeschool Zeeland Tournament"]
[Site "Vlissingen"]
[Date "2015.08.04"]
[Round "5"]
[Board "40"]
[White "Oud, Niek"]
[Black "De Wolf, Johan"]
[Result "0-1"]
[WhiteElo "1936"]
[BlackElo "2088"]
[PlyCount "52"]
[EventDate "2015.08.01"]
[EventRounds "9"]
[EventCountry "NED"]

1. d4 Nf6 2. c4 e6 3. Nf3 d5 4. Nc3 Be7 5. Bf4 O-O 6. h3 a6 7. e3 dxc4 8. Bxc4
c5 9. dxc5 Bxc5 10. Qe2 b5 11. Bb3 Bb7 12. O-O Be7 13. Rfd1 Qb6 14. e4 b4 15.
Na4 Qb5 16. Qe3 Bxe4 17. Rac1 Nc6 18. Nd4 Nxd4 19. Rxd4 Bd5 20. Bd1 Rac8 21. b3
Qb7 22. f3 Rxc1 23. Qxc1 Rc8 24. Qe3 Bc6 25. Bd6 Nd5 26. Qe5 Bf6 0-1

[Event "19th Hogeschool Zeeland Tournament"]
[Site "Vlissingen"]
[Date "2015.08.04"]
[Round "5"]
[Board "41"]
[White "Van Doorn, Hans"]
[Black "Krasenkova, Ilena"]
[Result "0-1"]
[WhiteElo "1903"]
[BlackElo "2087"]
[PlyCount "94"]
[EventDate "2015.08.01"]
[EventRounds "9"]
[EventCountry "NED"]

1. d4 d5 2. Nf3 Nf6 3. e3 Bg4 4. Be2 e6 5. Ne5 Bxe2 6. Qxe2 c6 7. b3 Bd6 8. Bb2
O-O 9. O-O a5 10. a3 Qc7 11. f4 Ne4 12. Nd2 f5 13. Nxe4 dxe4 14. Rac1 Qe7 15.
a4 Na6 16. Nc4 Bc7 17. Ba3 c5 18. Rfd1 Rfd8 19. dxc5 Nxc5 20. Rxd8+ Rxd8 21.
Rd1 Rd5 22. Bb2 Na6 23. Rd4 Nb4 24. Qd2 Qd8 25. Bc3 Rxd4 26. Bxd4 Qd5 27. g3 h6
28. Kf2 Qd7 29. Qe2 b5 30. axb5 Qxb5 31. Na3 Qc6 32. g4 Qd5 33. Qb5 Qd8 34.
gxf5 Bxf4 35. f6 gxf6 36. Qh5 e5 37. Qg6+ Kh8 38. exf4 Qxd4+ 39. Kf1 Qd1+ 40.
Kg2 Qf3+ 41. Kg1 Qxf4 42. Qe8+ Kg7 43. Qe7+ Kg6 44. Qe8+ Kg5 45. Qg8+ Kh5 46.
Qf7+ Kh4 47. Nc4 Qc1+ 0-1

[Event "19th Hogeschool Zeeland Tournament"]
[Site "Vlissingen"]
[Date "2015.08.04"]
[Round "5"]
[Board "42"]
[White "Oude Brunink, Elias"]
[Black "Oosterom, Erik"]
[Result "0-1"]
[WhiteElo "1735"]
[BlackElo "2082"]
[PlyCount "62"]
[EventDate "2015.08.01"]
[EventRounds "9"]
[EventCountry "NED"]

1. e4 c6 2. d4 d5 3. Nc3 dxe4 4. Nxe4 Nd7 5. Nf3 Ngf6 6. Ng3 e6 7. Bc4 Bd6 8.
Qe2 O-O 9. Bd2 b5 10. Bb3 Qc7 11. Ng5 Nb6 12. N5e4 Nbd5 13. a4 h6 14. Nxf6+
Nxf6 15. Ne4 Nxe4 16. Qxe4 Bd7 17. Qh4 Qd8 18. Qh5 Qf6 19. c3 Rab8 20. a5 b4
21. Bc2 e5 22. O-O bxc3 23. bxc3 exd4 24. cxd4 Rb5 25. Qd1 Qxd4 26. Be3 Qe5 27.
g3 Bh3 28. Re1 Bb4 29. Re2 Bg4 30. Bd3 Bxe2 31. Qxe2 Qxa1+ 0-1

[Event "19th Hogeschool Zeeland Tournament"]
[Site "Vlissingen"]
[Date "2015.08.04"]
[Round "5"]
[Board "43"]
[White "Smeets, Pierre"]
[Black "Milort, Gerard"]
[Result "1/2-1/2"]
[WhiteElo "2082"]
[BlackElo "1882"]
[PlyCount "38"]
[EventDate "2015.08.01"]
[EventRounds "9"]
[EventCountry "NED"]

1. Nf3 Nf6 2. c4 g6 3. g3 Bg7 4. Bg2 O-O 5. O-O c5 6. Nc3 Nc6 7. d4 cxd4 8.
Nxd4 Nxd4 9. Qxd4 d6 10. Qd2 Rb8 11. b3 a6 12. a4 Be6 13. Bb2 Qb6 14. Qc2 Rfc8
15. e4 Nd7 16. Rab1 Nc5 17. Ba3 Qc7 18. Nd5 Bxd5 19. exd5 b5 1/2-1/2

[Event "19th Hogeschool Zeeland Tournament"]
[Site "Vlissingen"]
[Date "2015.08.04"]
[Round "5"]
[Board "44"]
[White "Sturm, Pieter"]
[Black "Hammann, Jonas"]
[Result "0-1"]
[WhiteElo "2077"]
[BlackElo "1845"]
[PlyCount "82"]
[EventDate "2015.08.01"]
[EventRounds "9"]
[EventCountry "NED"]

1. Nc3 d5 2. e4 e6 3. f4 Nf6 4. e5 Nfd7 5. Nf3 c5 6. d3 Nc6 7. g3 Be7 8. Bg2
O-O 9. O-O Rb8 10. Bd2 b5 11. b3 f6 12. exf6 Bxf6 13. Qe2 Re8 14. Rae1 Nd4 15.
Nxd4 Bxd4+ 16. Kh1 Nf6 17. Qf3 c4 18. Ne2 Bc5 19. g4 d4 20. g5 Bb7 21. Qh3
Bxg2+ 22. Qxg2 Nd5 23. Qe4 c3 24. Bc1 Nb4 25. Ba3 Nxd3 26. Qxd3 Bxa3 27. Nxd4
Qd5+ 28. Qe4 Rbd8 29. Nf3 Bc5 30. Qxd5 Rxd5 31. Re2 Rf8 32. Ne1 Bd6 33. Nd3 e5
34. f5 e4 35. Rxe4 Rdxf5 36. Rxf5 Rxf5 37. h4 Rf1+ 38. Kg2 Rd1 39. Kf3 Ba3 40.
h5 Rxd3+ 41. cxd3 c2 0-1

[Event "19th Hogeschool Zeeland Tournament"]
[Site "Vlissingen"]
[Date "2015.08.04"]
[Round "5"]
[Board "45"]
[White "Tikranian, Alik"]
[Black "Dommisse, Cornelis"]
[Result "1-0"]
[WhiteElo "2075"]
[BlackElo "1774"]
[PlyCount "51"]
[EventDate "2015.08.01"]
[EventRounds "9"]
[EventCountry "NED"]

1. Nf3 Nf6 2. c4 e6 3. g3 b6 4. Bg2 Bb7 5. b3 c5 6. Bb2 Nc6 7. O-O Be7 8. Na3
O-O 9. Nc2 Qc7 10. d4 d5 11. dxc5 bxc5 12. cxd5 exd5 13. Ne3 d4 14. Nc4 Rad8
15. Rc1 Rfe8 16. a3 Bf8 17. Qc2 Qe7 18. Rfe1 Qd7 19. Rcd1 Qc8 20. e3 dxe3 21.
Nxe3 Rxd1 22. Rxd1 Ng4 23. Ng5 g6 24. Ne4 Nd4 25. Bxd4 cxd4 26. Qxc8 1-0

[Event "19th Hogeschool Zeeland Tournament"]
[Site "Vlissingen"]
[Date "2015.08.04"]
[Round "5"]
[Board "46"]
[White "Goldie, Thomas"]
[Black "Krijger, Martin"]
[Result "1-0"]
[WhiteElo "2067"]
[BlackElo "1686"]
[PlyCount "55"]
[EventDate "2015.08.01"]
[EventRounds "9"]
[EventCountry "NED"]

1. e4 c5 2. Nf3 d6 3. d4 cxd4 4. Nxd4 Nf6 5. Nc3 g6 6. Be3 Bg7 7. f3 Nc6 8. Qd2
O-O 9. O-O-O d5 10. Kb1 Nxd4 11. e5 Nd7 12. Bxd4 Nxe5 13. Qe3 Qd6 14. Bc5 d4
15. Bxd4 Qb8 16. Bb5 Be6 17. Rhe1 Nc6 18. Bxg7 Kxg7 19. Bxc6 bxc6 20. Qd4+ Kg8
21. Qh4 Qb7 22. Ne4 Rab8 23. b3 Qb4 24. Qh6 f6 25. Nd6 Bxb3 26. cxb3 Qc3 27.
Re3 Qb4 28. Rxe7 1-0

[Event "19th Hogeschool Zeeland Tournament"]
[Site "Vlissingen"]
[Date "2015.08.04"]
[Round "5"]
[Board "47"]
[White "Van Driel, Eric"]
[Black "Provoost, Simon"]
[Result "1/2-1/2"]
[WhiteElo "1953"]
[BlackElo "2240"]
[PlyCount "31"]
[EventDate "2015.08.01"]
[EventRounds "9"]
[EventCountry "NED"]

1. d4 e6 2. Nf3 f5 3. Nc3 Nf6 4. Bg5 h6 5. Bxf6 Qxf6 6. e4 Bb4 7. exf5 Bxc3+ 8.
bxc3 Qxf5 9. Bd3 Qf6 10. Qe2 d6 11. O-O Nc6 12. Rfe1 O-O 13. Qe4 Bd7 14. Re3
Qf5 15. Qxf5 exf5 16. d5 1/2-1/2

[Event "19th Hogeschool Zeeland Tournament"]
[Site "Vlissingen"]
[Date "2015.08.04"]
[Round "5"]
[Board "48"]
[White "Dehn, Marcus"]
[Black "Van Der Sloot, Olaf"]
[Result "0-1"]
[WhiteElo "2165"]
[BlackElo "1928"]
[PlyCount "82"]
[EventDate "2015.08.01"]
[EventRounds "9"]
[EventCountry "NED"]

1. d4 Nf6 2. Bf4 c5 3. e3 Qb6 4. Nc3 d6 5. dxc5 Qxc5 6. Qd4 Qa5 7. b4 Qd8 8.
Bg5 Nbd7 9. Bb5 a6 10. Ba4 h6 11. Bxf6 gxf6 12. h4 Bg7 13. Rh3 Kf8 14. Rg3 Rg8
15. Nge2 f5 16. Qd2 Nb6 17. Bb3 Be6 18. Nd4 Bxb3 19. axb3 e6 20. Rh3 Rc8 21.
Ra5 Nd7 22. Nce2 Nf6 23. f3 h5 24. b5 axb5 25. Rxb5 Qd7 26. Qb4 Rc7 27. c4 Bh6
28. Kf2 Rg6 29. Rb6 Ne8 30. Nf4 Bxf4 31. exf4 Kg8 32. Rh1 e5 33. Ne2 e4 34. Rd1
exf3 35. Kxf3 Qe7 36. g3 Qe4+ 37. Kf2 Re7 38. Qd2 Nf6 39. Nc3 Ng4+ 40. Kg1 Qf3
41. Qg2 Qxc3 0-1

[Event "19th Hogeschool Zeeland Tournament"]
[Site "Vlissingen"]
[Date "2015.08.04"]
[Round "5"]
[Board "49"]
[White "Boerkamp, Harry"]
[Black "Buckels, Valentin"]
[Result "0-1"]
[WhiteElo "1949"]
[BlackElo "2152"]
[PlyCount "76"]
[EventDate "2015.08.01"]
[EventRounds "9"]
[EventCountry "NED"]

1. e4 e5 2. Nf3 Nc6 3. Bc4 Bc5 4. b4 Bxb4 5. c3 Ba5 6. d4 exd4 7. Qb3 Qf6 8.
O-O Bb6 9. e5 Qg6 10. cxd4 Na5 11. Qc3 Nxc4 12. Qxc4 Ne7 13. Ba3 Qe6 14. Qd3
Nd5 15. Nc3 h6 16. Rfe1 Nf4 17. Qe4 Qg4 18. g3 Nh3+ 19. Kg2 Qxe4 20. Nxe4 Ng5
21. Nfxg5 hxg5 22. Rad1 Ba5 23. Re2 b6 24. Nxg5 Bb7+ 25. f3 Bd5 26. Rc1 O-O-O
27. Rec2 c6 28. Ne4 Rh6 29. Nd6+ Kb8 30. Nf5 Rh7 31. Ne3 Be6 32. Nc4 Rdh8 33.
h4 Bxc4 34. Rxc4 g5 35. Be7 gxh4 36. gxh4 Rg8+ 37. Kf2 Bd2 38. Rg1 Be3+ 0-1

[Event "19th Hogeschool Zeeland Tournament"]
[Site "Vlissingen"]
[Date "2015.08.04"]
[Round "5"]
[Board "50"]
[White "Delaere, Koen"]
[Black "Hekhuis, Jeroen"]
[Result "1-0"]
[WhiteElo "1924"]
[BlackElo "2107"]
[PlyCount "53"]
[EventDate "2015.08.01"]
[EventRounds "9"]
[EventCountry "NED"]

1. d4 d5 2. c4 e6 3. Nf3 Nf6 4. e3 c6 5. Bd3 Bd6 6. Nc3 O-O 7. O-O Nbd7 8. e4
dxc4 9. Bxc4 e5 10. Bg5 exd4 11. Qxd4 Bc5 12. Qd2 Qe7 13. Kh1 Ne5 14. Nxe5 Qxe5
15. f3 b5 16. Bb3 b4 17. Nd1 Ba6 18. Re1 Rad8 19. Qc1 Bd6 20. f4 Qd4 21. Qxc6
Qd2 22. Ne3 Be2 23. Nf5 Ng4 24. Qc2 Bxf4 25. Qxd2 Bxd2 26. Bxd8 Bxe1 27. Rxe1
 1-0

[Event "19th Hogeschool Zeeland Tournament"]
[Site "Vlissingen"]
[Date "2015.08.05"]
[Round "6"]
[Board "13"]
[White "Lam, Daniel King-Wai"]
[Black "Van Delft, Merijn"]
[Result "1/2-1/2"]
[WhiteElo "2098"]
[BlackElo "2410"]
[PlyCount "74"]
[EventDate "2015.08.01"]
[EventRounds "9"]
[EventCountry "NED"]

1. e4 c6 2. d4 d5 3. Nd2 dxe4 4. Nxe4 Bf5 5. Ng3 Bg6 6. h4 h6 7. Nf3 e6 8. h5
Bh7 9. Bd3 Bxd3 10. Qxd3 Nf6 11. Bf4 Qa5+ 12. Bd2 Bb4 13. c3 Be7 14. c4 Bb4 15.
Ne4 Nxe4 16. Qxe4 Nd7 17. a3 Bxd2+ 18. Nxd2 O-O 19. O-O-O Nf6 20. Qf3 Rfd8 21.
Ne4 Nxe4 22. Qxe4 b5 23. d5 exd5 24. cxd5 cxd5 25. Rxd5 Rxd5 26. Qxd5 Rd8 27.
Qf5 Qa4 28. Kb1 a5 29. Rc1 b4 30. Rc8 Qd1+ 31. Rc1 Qd4 32. axb4 axb4 33. Rc8
Qd1+ 34. Ka2 Qa4+ 35. Kb1 Qd1+ 36. Ka2 Qa4+ 37. Kb1 Qd1+ 1/2-1/2

[Event "19th Hogeschool Zeeland Tournament"]
[Site "Vlissingen"]
[Date "2015.08.05"]
[Round "6"]
[Board "14"]
[White "Ten Hertog, Hugo"]
[Black "De Jong, Migchiel"]
[Result "1-0"]
[WhiteElo "2383"]
[BlackElo "2319"]
[PlyCount "101"]
[EventDate "2015.08.01"]
[EventRounds "9"]
[EventCountry "NED"]

1. g3 d5 2. Bg2 e5 3. d3 Nf6 4. Nf3 Bd6 5. O-O O-O 6. a3 a5 7. c4 dxc4 8. dxc4
Nbd7 9. Nc3 Re8 10. Qc2 c6 11. Rd1 Qe7 12. Nh4 Nc5 13. Rb1 a4 14. Nf5 Bxf5 15.
Qxf5 e4 16. Be3 g6 17. Qg5 Ra5 18. Bd4 Be5 19. Qxe5 Qxe5 20. Bxe5 Rxe5 21. Rd8+
Kg7 22. Rbd1 Re7 23. e3 Ng4 24. R1d4 f5 25. Ne2 Ne5 26. Nf4 g5 27. Nh5+ Kg6 28.
g4 Nxg4 29. Ng3 Nf6 30. R4d6 Re6 31. Rd2 Nb3 32. Rd1 h5 33. h4 f4 34. exf4 gxf4
35. Ne2 Rf5 36. Bh3 Ng4 37. R1d7 f3 38. Ng3 Rf7 39. Rg8+ Kh7 40. Rxf7+ Kxg8 41.
Rf4 e3 42. Bxg4 hxg4 43. Rxg4+ Kh7 44. fxe3 Rxe3 45. Kf2 Rd3 46. Ne4 Kh6 47. c5
Nd4 48. Nf6 Rd2+ 49. Ke3 f2 50. h5 f1=N+ 51. Ke4 1-0

[Event "19th Hogeschool Zeeland Tournament"]
[Site "Vlissingen"]
[Date "2015.08.05"]
[Round "6"]
[Board "15"]
[White "Beshukov, Sergei"]
[Black "Dardha, Arben"]
[Result "0-1"]
[WhiteElo "2382"]
[BlackElo "2297"]
[PlyCount "64"]
[EventDate "2015.08.01"]
[EventRounds "9"]
[EventCountry "NED"]

1. c4 e5 2. Nc3 Nc6 3. g3 f5 4. Bg2 Nf6 5. e3 d5 6. cxd5 Nb4 7. a3 Nd3+ 8. Ke2
e4 9. f3 Bd7 10. Qb3 Bd6 11. Nh3 O-O 12. Nf2 exf3+ 13. Bxf3 Ne5 14. Bg2 Qe8 15.
Ke1 Nfg4 16. Ne2 Bb5 17. Nf4 Nxf2 18. Kxf2 g5 19. Ne6 Bc4 20. Qd1 f4 21. gxf4
gxf4 22. Be4 fxe3+ 23. Kxe3 Qf7 24. Qg1+ Kh8 25. b3 Rg8 26. Qe1 Ng4+ 27. Kd4
Qf6+ 28. Kxc4 Ne5+ 29. Kb5 a6+ 30. Ka4 b5+ 31. Ka5 c5 32. d4 Qd8+ 0-1

[Event "19th Hogeschool Zeeland Tournament"]
[Site "Vlissingen"]
[Date "2015.08.05"]
[Round "6"]
[Board "16"]
[White "Palit, Somak"]
[Black "Lentjes, Noud"]
[Result "1-0"]
[WhiteElo "2345"]
[BlackElo "2116"]
[PlyCount "123"]
[EventDate "2015.08.01"]
[EventRounds "9"]
[EventCountry "NED"]

1. e4 c5 2. Nf3 d6 3. c3 Nf6 4. h3 g6 5. Bd3 Bg7 6. O-O O-O 7. Bc2 Nc6 8. d4
cxd4 9. cxd4 Bd7 10. Nc3 Rc8 11. Be3 Na5 12. Nd2 Ne8 13. Rc1 Nc7 14. Bd3 b5 15.
a3 a6 16. b4 Nb7 17. Qb3 Na8 18. a4 bxa4 19. Nxa4 Bb5 20. Bxb5 axb5 21. Nc3 Qd7
22. Rc2 Nb6 23. Rfc1 d5 24. Nxd5 Rxc2 25. Rxc2 Nxd5 26. Qxd5 Qxd5 27. exd5 Nd6
28. Bg5 Nf5 29. Rc5 h6 30. Be3 Bxd4 31. Bxd4 Nxd4 32. Ne4 f5 33. Nc3 Rb8 34. f4
Ra8 35. Kh2 Rb8 36. Kg3 Kf7 37. Kf2 g5 38. fxg5 hxg5 39. Ne2 Nxe2 40. Kxe2 Ra8
41. Rxb5 Ra2+ 42. Kf3 Ra3+ 43. Kf2 Ra2+ 44. Kg1 Kf6 45. Rb6+ Ke5 46. Re6+ Kf4
47. Rxe7 Rd2 48. Re1 Rxd5 49. Rb1 Rb5 50. Kf2 g4 51. hxg4 fxg4 52. Rb3 Ke4 53.
Kg3 Kf5 54. Rb2 Kg5 55. Rb1 Kf5 56. Rf1+ Ke4 57. Kxg4 Rb8 58. Rf5 Rg8+ 59. Rg5
Rc8 60. b5 Rc2 61. g3 Rb2 62. Kh5 1-0

[Event "19th Hogeschool Zeeland Tournament"]
[Site "Vlissingen"]
[Date "2015.08.05"]
[Round "6"]
[Board "17"]
[White "Brink, Barry"]
[Black "Ratsma, Midas"]
[Result "1-0"]
[WhiteElo "2302"]
[BlackElo "2150"]
[PlyCount "85"]
[EventDate "2015.08.01"]
[EventRounds "9"]
[EventCountry "NED"]

1. Nf3 Nf6 2. c4 c5 3. g3 d5 4. cxd5 Nxd5 5. Bg2 g6 6. Nc3 Nc6 7. O-O Bg7 8.
Nxd5 Qxd5 9. d3 O-O 10. Be3 Qd6 11. Rc1 b6 12. d4 Ba6 13. dxc5 Qxd1 14. Rfxd1
bxc5 15. Rxc5 Rac8 16. Rdc1 Nb4 17. a3 Na2 18. R1c2 Rxc5 19. Bxc5 Rc8 20. Kf1
Bb5 21. b4 Nc3 22. Bd4 Ba6 23. Bxa7 Rd8 24. Rd2 Rxd2 25. Nxd2 Bxe2+ 26. Ke1 Ba6
27. Bc5 Bb5 28. Bxe7 Na4 29. Bf1 Bd7 30. Kd1 Bb2 31. Nc4 Bd4 32. Kc2 Bxf2 33.
Kb3 Bg1 34. Ne5 Be8 35. Nf3 Be3 36. Bc4 Nb6 37. Bc5 Ba4+ 38. Kc3 Bxc5 39. bxc5
Nd7 40. Kb4 Bd1 41. c6 Nb6 42. Ne5 Kf8 43. Kc5 1-0

[Event "19th Hogeschool Zeeland Tournament"]
[Site "Vlissingen"]
[Date "2015.08.05"]
[Round "6"]
[Board "18"]
[White "Rosmuller, Anton"]
[Black "Maris, Ivo"]
[Result "0-1"]
[WhiteElo "2142"]
[BlackElo "2288"]
[PlyCount "36"]
[EventDate "2015.08.01"]
[EventRounds "9"]
[EventCountry "NED"]

1. d4 g6 2. Nf3 Bg7 3. c4 Nf6 4. Nc3 O-O 5. e4 c6 6. Qc2 d6 7. h3 a6 8. e5 dxe5
9. dxe5 Nfd7 10. Bf4 Qa5 11. e6 Nc5 12. exf7+ Rxf7 13. Bd2 Bf5 14. Qc1 Qd8 15.
b3 Rf6 16. Be3 Re6 17. Qd2 Rd6 18. Qb2 Ne4 0-1

[Event "19th Hogeschool Zeeland Tournament"]
[Site "Vlissingen"]
[Date "2015.08.05"]
[Round "6"]
[Board "19"]
[White "Krasenkova, Ilena"]
[Black "Stillger, Bernhard"]
[Result "1/2-1/2"]
[WhiteElo "2087"]
[BlackElo "2279"]
[PlyCount "100"]
[EventDate "2015.08.01"]
[EventRounds "9"]
[EventCountry "NED"]

1. d4 Nf6 2. Nf3 e6 3. c4 Bb4+ 4. Nbd2 O-O 5. g3 b6 6. Bg2 Bb7 7. O-O Be7 8. b3
d5 9. Ne5 c5 10. dxc5 Bxc5 11. Bb2 Na6 12. a3 Rc8 13. Rc1 Rc7 14. b4 Be7 15.
Qa4 Qe8 16. Qxe8 Rxe8 17. cxd5 Bxd5 18. e4 Bb7 19. Rxc7 Nxc7 20. Rc1 Nb5 21.
Bf1 Nd6 22. f3 Rc8 23. Rxc8+ Nxc8 24. Kf2 Ne8 25. Bb5 Nc7 26. Bc6 Bxc6 27. Nxc6
f6 28. Ke3 Kf7 29. Nb3 Ke8 30. a4 Kd7 31. b5 e5 32. f4 exf4+ 33. gxf4 Ne6 34.
Nxe7 Nxe7 35. Ba3 g6 36. h4 Nc8 37. f5 gxf5 38. exf5 Nc7 39. Kd4 a6 40. bxa6
Nxa6 41. Nd2 Nc7 42. Ne4 Ne8 43. Kd5 Nc7+ 44. Kc4 Ne8 45. h5 Kc6 46. h6 Ncd6+
47. Bxd6 Nxd6+ 48. Nxd6 Kxd6 49. Kd4 Kc6 50. Kc4 Kd6 1/2-1/2

[Event "19th Hogeschool Zeeland Tournament"]
[Site "Vlissingen"]
[Date "2015.08.05"]
[Round "6"]
[Board "20"]
[White "Donovan, Linton"]
[Black "Zepeda, Lorena"]
[Result "1-0"]
[WhiteElo "2276"]
[BlackElo "2121"]
[PlyCount "87"]
[EventDate "2015.08.01"]
[EventRounds "9"]
[EventCountry "NED"]

1. e4 c5 2. Nf3 d6 3. d4 cxd4 4. Nxd4 Nf6 5. Nc3 a6 6. Be3 e5 7. Nb3 Be6 8. f3
Be7 9. Qd2 O-O 10. O-O-O Nbd7 11. g4 b5 12. Rg1 Rc8 13. Kb1 Nb6 14. Qf2 Nfd7
15. Nd5 Bxd5 16. exd5 Nc4 17. Bc1 Bh4 18. Qg2 Bg5 19. Bxg5 Qxg5 20. Bd3 Ndb6
21. Nd2 Nxd2+ 22. Rxd2 Qf4 23. g5 g6 24. Be4 Nc4 25. Re2 h6 26. gxh6 Qxh6 27.
Qf2 Rb8 28. Qa7 Ra8 29. Qe7 Rae8 30. Qf6 Qg7 31. Qh4 f5 32. Reg2 Rf6 33. Bxf5
Nd2+ 34. Rxd2 Rxf5 35. Rdg2 Rxf3 36. Rxg6 Rf1+ 37. Rxf1 Qxg6 38. Qf2 Kh7 39.
Rg1 Rf8 40. Qh4+ Qh6 41. Qg4 Qf6 42. b3 e4 43. Qxe4+ Kh8 44. Qg4 1-0

[Event "19th Hogeschool Zeeland Tournament"]
[Site "Vlissingen"]
[Date "2015.08.05"]
[Round "6"]
[Board "21"]
[White "De Wolf, Johan"]
[Black "Warmerdam, Max"]
[Result "0-1"]
[WhiteElo "2088"]
[BlackElo "2236"]
[PlyCount "106"]
[EventDate "2015.08.01"]
[EventRounds "9"]
[EventCountry "NED"]

1. d4 Nf6 2. Nf3 g6 3. c4 Bg7 4. g3 O-O 5. Bg2 d6 6. O-O Nc6 7. d5 Na5 8. Nbd2
c5 9. Qc2 b5 10. e4 Rb8 11. cxb5 Rxb5 12. Rd1 Qb6 13. Bf1 Rb4 14. a3 Rb3 15.
Nxb3 Nxb3 16. Rb1 Bg4 17. Rd3 Rb8 18. Rxb3 Qxb3 19. Qxb3 Rxb3 20. Nd2 Rb8 21.
f3 Bd7 22. Nc4 Ba4 23. Bd3 Nd7 24. b4 Bd4+ 25. Kg2 Rc8 26. bxc5 Nxc5 27. Be2
Bc2 28. Rb5 Nd3 29. Bh6 Bg7 30. Bxg7 Kxg7 31. Na5 Nc1 32. Bc4 Nd3 33. Nc6 Ne5
34. Nxe5 dxe5 35. Be2 Rc7 36. Kf2 f5 37. Rb4 a5 38. Rb5 a4 39. Ke3 Bb3 40. Bd3
fxe4 41. fxe4 Rc1 42. Rb7 Kf6 43. d6 exd6 44. Rxh7 Ra1 45. h4 Rxa3 46. Kd2 Ra2+
47. Kc3 Rg2 48. h5 Rxg3 49. hxg6 Rxg6 50. Rh5 Rg3 51. Rh6+ Ke7 52. Rh7+ Bf7 53.
Kc2 Kf6 0-1

[Event "19th Hogeschool Zeeland Tournament"]
[Site "Vlissingen"]
[Date "2015.08.05"]
[Round "6"]
[Board "22"]
[White "Heltzel, Joost"]
[Black "Tikranian, Alik"]
[Result "1-0"]
[WhiteElo "2216"]
[BlackElo "2075"]
[PlyCount "89"]
[EventDate "2015.08.01"]
[EventRounds "9"]
[EventCountry "NED"]

1. e4 e5 2. Nf3 Nc6 3. Bb5 a6 4. Ba4 Nf6 5. O-O Be7 6. Re1 b5 7. Bb3 d6 8. c3
O-O 9. h3 Na5 10. Bc2 c5 11. d4 Qc7 12. d5 Bd7 13. Nbd2 Rfb8 14. Nf1 h6 15. b3
Nb7 16. Ng3 Qd8 17. Be3 a5 18. a4 bxa4 19. bxa4 c4 20. Nd2 Rc8 21. Qe2 Nc5 22.
Nxc4 Rab8 23. Nd2 Rb2 24. Qd1 Na6 25. Bd3 Nc5 26. Bf1 Qe8 27. Nc4 Bxa4 28. Qf3
Rc2 29. Nb6 Bd7 30. Nxc8 Qxc8 31. Rxa5 Nb3 32. Ra7 Rxc3 33. Qd1 Qb8 34. Ra3 Qb4
35. Ra8+ Kh7 36. Qb1 Rc7 37. Ra7 Rxa7 38. Bxa7 Qa4 39. Be3 Bd8 40. Re2 Nd4 41.
Ra2 Qb3 42. Qxb3 Nxb3 43. Ra8 Bc7 44. Ra7 Bd8 45. Nh5 1-0